[Event "95th Caplin Hastings Congress"]
[Site "Hastings"]
[Date "2020.01.02"]
[Round "6.25"]
[White "Price, Gwilym"]
[Black "Gormally, Daniel W"]
[Result "0-1"]
[WhiteElo "2110"]
[BlackElo "2497"]
[Annotator "TA"]
[PlyCount "44"]
[EventDate "2019.12.28"]
[EventType "swiss"]
[EventCountry "ENG"]
[SourceTitle "playchess.com"]
[Source "ChessBase"]
[SourceQuality "1"]

{[%evp 18,44,12,-25,-27,-28,-28,-28,-29,-41,-40,-81,-59,-60,-68,-242,-247,-238,-240,-252,-253,-259,-257,-443,-279,-439,-443,-416,-416]} 1. e4 c5 2. Nc3 d6 3. Nf3 a6 4. d4 cxd4 5. Nxd4 Nf6 6. Bc4 e6 7. a3 Be7 8. O-O O-O 9. Be3 Nc6 10. f4 d5 {B88: Sicilian: Sozin Attack} 11. exd5 exd5 12. Be2 Re8 {Black has an edge.} 13. Bf2 (13. Kh1 Bxa3 14. Rxa3 Rxe3 15. Nxc6 bxc6 16. Nxd5 Rxa3 17. Nxf6+ Qxf6 18. bxa3 {½-½ (64) Mueller,K (2513)-Hracek,Z (2612) Lippstadt 2000}) 13... Bd6 $146 ({Predecessor:} 13... Na5 14. Nf3 Be6 15. Ne5 Nc6 16. Bf3 Qd6 17. Re1 Rad8 18. Qe2 Qc7 19. Rad1 b5 20. Kh1 Na5 21. Bd4 Nc4 22. Nxc4 {½-½ (22) Paoli,E-Perez Perez,F Madrid 1959}) 14. g3 Bh3 15. Re1 Bc5 {Threatens to win with ...Nxd4.} 16. Nxc6 $2 (16. b4 $15 Bb6 17. Na4) 16... Bxf2+ $19 17. Kxf2 bxc6 18. Qd4 {[#]} c5 $1 {[%cal Rc5d4][%mdl 512]} 19. Qxc5 d4 $40 {[%mdl 128] Black has strong attack.} 20. Bf3 $2 (20. Rad1 dxc3 21. Rxd8 Ne4+ 22. Kf3 Nxc5 23. Rxa8 Rxa8 24. b4) 20... dxc3 21. Rxe8+ (21. Rad1 $142 Qb8 22. bxc3) 21... Qxe8 22. Re1 Qd8 0-1

[Event "95th Caplin Hastings Congress"]
[Site "Hastings"]
[Date "2020.01.02"]
[Round "6.26"]
[White "Rudd, Jack"]
[Black "Okhai, Shabir"]
[Result "1-0"]
[WhiteElo "2331"]
[BlackElo "2103"]
[Annotator "TA"]
[PlyCount "107"]
[EventDate "2019.12.28"]
[EventType "swiss"]
[EventCountry "ENG"]
[SourceTitle "playchess.com"]
[Source "ChessBase"]
[SourceQuality "1"]

{[%evp 20,107,25,21,41,43,43,39,42,23,19,22,39,30,38,51,39,43,63,63,65,60,59,68,70,70,98,102,91,96,95,95,83,79,109,113,124,120,126,126,300,320,302,245,250,243,250,250,250,250,243,232,304,289,275,270,264,274,417,410,536,363,278,225,187,197,593,552,552,353,317,234,243,243,546,487,757,818,809,682,1343,1218,5811,4641,4627,4627,29986,29987,29986,29987]} 1. d4 d5 2. c4 e6 3. Nc3 Nf6 4. cxd5 exd5 5. Bg5 Be7 6. Qc2 c6 7. e3 Nbd7 8. Bd3 Nh5 9. Bxe7 Qxe7 10. Nge2 g6 11. O-O Ndf6 {D36: Queen's Gambit Declined: Exchange Variation: Main line (5 Bg5 c6 6 Qc2)} (11... O-O 12. Rae1 Ndf6 13. Nc1 Bd7 14. f3 Rfe8 15. Nb3 b6 16. e4 Nf4 17. Qd2 Nxd3 18. Qxd3 Rad8 19. Qe3 Be6 20. e5 Nd7 {0-1 (56) Robson,R (2667)-Akobian,V (2625) Saint Louis 2019}) 12. Rab1 O-O 13. b4 a6 {White is slightly better.} 14. Na4 Ng7 15. Qc5 Re8 $146 ({Predecessor:} 15... Qc7 16. Nb6 Rb8 17. Nf4 Be6 18. a4 g5 19. Ne2 {0-1 (34) Kholopov,A (2307)-Lugovskoy,M (2425) Moscow 2017}) 16. Nb6 Rb8 17. Qxe7 Rxe7 18. a4 Bf5 19. Bxf5 Nxf5 20. b5 axb5 21. axb5 Rd8 22. Nf4 Nd7 23. bxc6 bxc6 24. Rfc1 Nb8 25. Nd3 Ra7 26. g3 Ne7 27. Nc5 h5 28. Ra1 Rxa1 29. Rxa1 Nc8 $2 {[#]} (29... Kg7 $16 30. Ra8 Rf8) 30. Nxc8 $18 Rxc8 {[%mdl 4096] Endgame KRN-KRN} 31. Ra7 g5 32. Rb7 Kg7 33. h4 gxh4 34. gxh4 Kg6 35. Kf1 f6 36. Ke2 Rg8 37. Kd3 Kf5 {[#]} 38. f3 $1 Rh8 (38... Kg6 $142 39. Ne6 Kh6) 39. Rg7 Re8 40. e4+ Kf4 41. Ke2 {[%cal Rc5d3]} dxe4 42. fxe4 Rxe4+ $2 (42... Na6) 43. Nxe4 Kxe4 {KR-KN} 44. Rb7 Na6 45. Rb6 Nc7 46. Rxc6 Nd5 $2 (46... Nb5 {is tougher.} 47. Rxf6 Nxd4+ 48. Kf2 Nf5) 47. Re6+ Kf5 (47... Kxd4 $142 48. Kf3 Kd3) 48. Re8 Kg4 49. Rg8+ Kxh4 50. Kf3 Kh3 51. Rd8 Ne7 52. d5 h4 53. d6 Nc6 54. Re8 {Accuracy: White = 85%, Black = 31%.} 1-0

[Event "95th Caplin Hastings Congress"]
[Site "Hastings"]
[Date "2020.01.02"]
[Round "6.27"]
[White "Pekin, Tolgay"]
[Black "Wall, Tim P"]
[Result "1-0"]
[WhiteElo "2080"]
[BlackElo "2218"]
[Annotator "ChessBase"]
[PlyCount "31"]
[EventDate "2019.12.28"]
[EventType "swiss"]
[EventCountry "ENG"]
[SourceTitle "playchess.com"]
[Source "ChessBase"]
[SourceQuality "1"]
[TimeControl "40/6600+30:3000+30"]

1. e4 {[%emt 0:09:36]} Nf6 {[%emt 0:12:12]} 2. e5 {[%emt 0:00:14]} Nd5 {[%emt 0:00:14]} 3. d4 {[%emt 0:00:13]} d6 {[%emt 0:00:08]} 4. Nf3 {[%emt 0:01:27]} dxe5 {[%emt 0:00:35]} 5. Nxe5 {[%emt 0:00:13]} c6 {[%emt 0:00:12]} 6. h3 {[%emt 0:01:39]} g6 {[%emt 0:01:48]} 7. Bc4 {[%emt 0:02:46]} Bg7 {[%emt 0:00:52]} 8. O-O {[%emt 0:01:53]} O-O {[%emt 0:04:07]} 9. Re1 {[%emt 0:01:01]} Be6 {[%emt 0:04:53]} 10. Bb3 {[%emt 0:05:35]} a5 {[%emt 0:01:53]} 11. c4 {[%emt 0:02:23]} Nb6 {[%emt 0:04:25]} 12. c5 {[%emt 0:11:30]} Nd5 {[%emt 0:00:38]} 13. Nc3 {[%emt 0:01:25]} Nd7 {[%emt 0:03:48]} 14. Bxd5 {[%emt 0:15:07]} Bxd5 {[%emt 0:07:39]} 15. Nxd5 {[%emt 0:01:47]} Nxe5 {[%emt 0:16:57]} 16. Nb6 {[%emt 0:01:56]} 1-0

[Event "95th Caplin Hastings Congress"]
[Site "Hastings"]
[Date "2020.01.02"]
[Round "6.28"]
[White "Anuprita, Patil"]
[Black "Lehaci, Miruna-Daria"]
[Result "0-1"]
[WhiteElo "2025"]
[BlackElo "2214"]
[Annotator "ChessBase"]
[PlyCount "142"]
[EventDate "2019.12.28"]
[EventType "swiss"]
[EventCountry "ENG"]
[SourceTitle "playchess.com"]
[Source "ChessBase"]
[SourceQuality "1"]
[TimeControl "40/6600+30:3000+30"]

1. d4 {[%emt 0:17:45]} Nf6 {[%emt 0:09:35]} 2. Nf3 {[%emt 0:00:04]} e6 {[%emt 0:00:03]} 3. e3 {[%emt 0:00:04]} b6 {[%emt 0:00:46]} 4. Bd3 {[%emt 0:00:31]} Bb7 {[%emt 0:00:09]} 5. O-O {[%emt 0:00:08]} c5 {[%emt 0:00:07]} 6. c4 {[%emt 0:00:46]} cxd4 {[%emt 0:00:07]} 7. exd4 {[%emt 0:00:03]} Be7 {[%emt 0:00:07]} 8. Nc3 {[%emt 0:00:13]} O-O {[%emt 0:00:05]} 9. d5 {[%emt 0:03:19]} Na6 {[%emt 0:00:06]} 10. Bb1 {[%emt 0:06:46]} Qb8 {[%emt 0:12:49]} 11. Bg5 {[%emt 0:13:48]} h6 {[%emt 0:10:47]} 12. Bh4 {[%emt 0:12:46]} Qf4 {[%emt 0:06:54]} 13. Qe2 {[%emt 0:12:26]} Rfe8 {[%emt 0:05:32]} 14. Bg3 {[%emt 0:10:25]} Qg4 {[%emt 0:00:26]} 15. d6 {[%emt 0:07:22]} Bf8 {[%emt 0:00:48]} 16. Rd1 {[%emt 0:03:39]} Bxf3 {[%emt 0:11:20]} 17. gxf3 {[%emt 0:00:21]} Qh5 {[%emt 0:00:58]} 18. Kh1 {[%emt 0:05:57]} Rac8 {[%emt 0:04:20]} 19. Be5 {[%emt 0:01:27]} Nh7 {[%emt 0:01:53]} 20. Rg1 {[%emt 0:05:27]} Ng5 {[%emt 0:06:21]} 21. Rg3 {[%emt 0:01:56]} Nb4 {[%emt 0:06:52]} 22. Ne4 {[%emt 0:02:31]} Nxe4 {[%emt 0:02:04]} 23. Bxe4 {[%emt 0:03:45]} Rc5 {[%emt 0:09:14]} 24. Bc3 {[%emt 0:00:39]} Na6 {[%emt 0:02:40]} 25. b4 {[%emt 0:00:31]} Rg5 {[%emt 0:00:12]} 26. Rxg5 {[%emt 0:01:15]} hxg5 {[%emt 0:00:15]} 27. c5 {[%emt 0:00:12]} f5 {[%emt 0:00:55]} 28. Bd3 {[%emt 0:00:33]} Nb8 {[%emt 0:00:53]} 29. Bb5 {[%emt 0:00:32]} Kf7 {[%emt 0:00:41]} 30. Rd1 {[%emt 0:01:01]} Qh3 {[%emt 0:03:28]} 31. Bxd7 {[%emt 0:02:40]} Nxd7 {[%emt 0:01:41]} 32. c6 {[%emt 0:00:04]} Rd8 {[%emt 0:03:57]} 33. Re1 {[%emt 0:01:32]} f4 {[%emt 0:00:15]} 34. cxd7 {[%emt 0:01:38]} Bxd6 {[%emt 0:00:11]} 35. Rg1 {[%emt 0:01:21]} Be7 {[%emt 0:04:48]} 36. Qd1 {[%emt 0:01:21]} Qf5 {[%emt 0:00:55]} 37. Re1 {[%emt 0:01:28]} Qd5 {[%emt 0:02:13]} 38. Qxd5 {[%emt 0:00:07]} exd5 {[%emt 0:00:03]} 39. a3 {[%emt 0:01:31]} Rxd7 {[%emt 0:00:07]} 40. Bd4 {[%emt 0:00:18]} Bf6 {[%emt 0:01:29]} 41. Rd1 {[%emt 0:51:30]} Bxd4 {[%emt 0:50:36]} 42. Rxd4 {[%emt 0:00:04]} Ke6 {[%emt 0:00:03]} 43. Kg2 {[%emt 0:00:25]} Rc7 {[%emt 0:00:40]} 44. Rd1 {[%emt 0:00:00]} Rc3 {[%emt 0:00:00]} 45. Re1+ {[%emt 0:00:00]} Kd6 {[%emt 0:00:00]} 46. Re8 {[%emt 0:00:00]} Rxa3 {[%emt 0:00:00]} 47. Rg8 {[%emt 0:00:00]} d4 {[%emt 0:00:00]} 48. Kf1 {[%emt 0:00:00]} a5 {[%emt 0:00:00]} 49. Rxg7 {[%emt 0:00:00]} axb4 {[%emt 0:00:00]} 50. Rxg5 {[%emt 0:00:00]} b3 {[%emt 0:00:00]} 51. Ke2 {[%emt 0:00:00]} Kc6 {[%emt 0:00:00]} 52. Kd3 {[%emt 0:00:00]} b2+ {[%emt 0:00:00]} 53. Kc2 {[%emt 0:00:00]} Rxf3 {[%emt 0:00:00]} 54. Kxb2 {[%emt 0:00:00]} Rxf2+ {[%emt 0:00:00]} 55. Kb3 {[%emt 0:00:00]} Rxh2 {[%emt 0:00:00]} 56. Kc4 {[%emt 0:00:00]} Rh6 {[%emt 0:00:00]} 57. Kxd4 {[%emt 0:00:00]} Rf6 {[%emt 0:00:00]} 58. Rg2 {[%emt 0:00:00]} f3 {[%emt 0:00:00]} 59. Rf2 {[%emt 0:00:00]} b5 {[%emt 0:00:00]} 60. Ke3 {[%emt 0:00:00]} Kc5 {[%emt 0:00:00]} 61. Rc2+ {[%emt 0:00:00]} Kb4 {[%emt 0:00:00]} 62. Kf2 {[%emt 0:00:00]} Kb3 {[%emt 0:00:00]} 63. Rc8 {[%emt 0:00:00]} b4 {[%emt 0:00:00]} 64. Rb8 {[%emt 0:00:00]} Kc3 {[%emt 0:00:00]} 65. Rc8+ {[%emt 0:00:00]} Kb2 {[%emt 0:00:00]} 66. Rb8 {[%emt 0:00:00]} b3 {[%emt 0:00:00]} 67. Rb7 {[%emt 0:00:00]} Kc2 {[%emt 0:00:00]} 68. Rc7+ {[%emt 0:00:00]} Kb1 {[%emt 0:00:00]} 69. Rb7 {[%emt 0:00:00]} b2 {[%emt 0:00:00]} 70. Rb8 {[%emt 0:00:00]} Rf4 {[%emt 0:00:00]} 71. Rb7 {[%emt 0:00:00]} Ka2 {[%emt 0:00:00]} 0-1

[Event "95th Caplin Hastings Congress"]
[Site "Hastings"]
[Date "2020.01.02"]
[Round "6.29"]
[White "Elwin, Adrian G"]
[Black "Ratnesan, Ranesh"]
[Result "1/2-1/2"]
[WhiteElo "1986"]
[BlackElo "2213"]
[Annotator "ChessBase"]
[PlyCount "118"]
[EventDate "2019.12.28"]
[EventType "swiss"]
[EventCountry "ENG"]
[SourceTitle "playchess.com"]
[Source "ChessBase"]
[SourceQuality "1"]
[TimeControl "40/6600+30:3000+30"]

1. d4 {[%emt 0:09:34]} d5 {[%emt 0:18:47]} 2. c4 {[%emt 0:00:19]} c6 {[%emt 0:00:19]} 3. cxd5 {[%emt 0:00:11]} cxd5 {[%emt 0:00:07]} 4. Nc3 {[%emt 0:00:25]} Nf6 {[%emt 0:00:08]} 5. Bf4 {[%emt 0:00:46]} Nc6 {[%emt 0:00:24]} 6. e3 {[%emt 0:02:48]} Bf5 {[%emt 0:00:31]} 7. Qb3 {[%emt 0:05:46]} Na5 {[%emt 0:00:35]} 8. Bb5+ {[%emt 0:08:16]} Bd7 {[%emt 0:02:51]} 9. Bxd7+ {[%emt 0:02:57]} Qxd7 {[%emt 0:00:18]} 10. Qb5 {[%emt 0:03:46]} Nc6 {[%emt 0:05:12]} 11. Nge2 {[%emt 0:05:38]} e6 {[%emt 0:03:38]} 12. O-O {[%emt 0:03:51]} Be7 {[%emt 0:02:06]} 13. Rac1 {[%emt 0:03:50]} a6 {[%emt 0:08:28]} 14. Qb6 {[%emt 0:11:39]} O-O {[%emt 0:14:58]} 15. Na4 {[%emt 0:04:21]} Ne4 {[%emt 0:06:26]} 16. Rfd1 {[%emt 0:12:24]} Bd8 {[%emt 0:07:06]} 17. Nc5 {[%emt 0:02:46]} Nxc5 {[%emt 0:00:14]} 18. Qxc5 {[%emt 0:00:03]} Be7 {[%emt 0:00:41]} 19. Qb6 {[%emt 0:00:22]} Rfc8 {[%emt 0:01:31]} 20. Rc3 {[%emt 0:09:05]} Bd8 {[%emt 0:05:53]} 21. Qb3 {[%emt 0:04:39]} Na5 {[%emt 0:01:14]} 22. Qc2 {[%emt 0:05:06]} Rxc3 {[%emt 0:01:02]} 23. Nxc3 {[%emt 0:01:07]} b5 {[%emt 0:06:19]} 24. Rc1 {[%emt 0:05:00]} Rc8 {[%emt 0:00:45]} 25. Qd1 {[%emt 0:00:30]} Be7 {[%emt 0:12:22]} 26. Ne2 {[%emt 0:06:39]} Nc4 {[%emt 0:01:22]} 27. b3 {[%emt 0:00:39]} Na3 {[%emt 0:03:53]} 28. Qd2 {[%emt 0:06:50]} Rc6 {[%emt 0:13:03]} 29. f3 {[%emt 0:02:11]} Qc8 {[%emt 0:00:32]} 30. Rxc6 {[%emt 0:00:09]} Qxc6 {[%emt 0:00:03]} 31. Qc3 {[%emt 0:01:23]} Qxc3 {[%emt 0:00:07]} 32. Nxc3 {[%emt 0:00:02]} Bb4 {[%emt 0:00:19]} 33. Ne2 {[%emt 0:00:07]} Nb1 {[%emt 0:01:18]} 34. e4 {[%emt 0:00:47]} Nc3 {[%emt 0:00:34]} 35. Nxc3 {[%emt 0:00:03]} Bxc3 {[%emt 0:00:03]} 36. Be3 {[%emt 0:00:08]} f5 {[%emt 0:00:31]} 37. exd5 {[%emt 0:00:15]} exd5 {[%emt 0:00:05]} 38. Kf1 {[%emt 0:00:33]} Kf7 {[%emt 0:00:33]} 39. Ke2 {[%emt 0:00:04]} h5 {[%emt 0:01:40]} 40. Kd3 {[%emt 0:00:24]} Bb4 {[%emt 0:00:14]} 41. Bf4 {[%emt 0:50:41]} Be7 {[%emt 0:08:17]} 42. Be5 {[%emt 0:00:00]} g5 {[%emt 0:01:18]} 43. Ke3 {[%emt 0:00:00]} Kg6 {[%emt 0:03:34]} 44. h3 {[%emt 0:00:00]} f4+ {[%emt 0:03:19]} 45. Kf2 {[%emt 0:00:00]} Kf5 {[%emt 0:00:39]} 46. g3 {[%emt 0:00:00]} fxg3+ {[%emt 0:00:40]} 47. Bxg3 {[%emt 0:00:00]} Ba3 {[%emt 0:02:17]} 48. Bc7 {[%emt 0:00:00]} Bb2 {[%emt 0:11:48]} 49. Ke3 {[%emt 0:00:00]} Bc1+ {[%emt 0:00:52]} 50. Kf2 {[%emt 0:00:00]} Bd2 {[%emt 0:00:21]} 51. a4 {[%emt 0:00:00]} Bf4 {[%emt 0:03:06]} 52. Ba5 {[%emt 0:00:00]} Bd6 {[%emt 0:04:02]} 53. axb5 {[%emt 0:00:00]} axb5 {[%emt 0:00:06]} 54. Bd2 {[%emt 0:00:00]} Ba3 {[%emt 0:02:01]} 55. Ba5 {[%emt 0:00:00]} Bb2 {[%emt 0:00:27]} 56. Ke3 {[%emt 0:00:00]} Bc1+ {[%emt 0:01:28]} 57. Kf2 {[%emt 0:00:00]} Kf4 {[%emt 0:02:20]} 58. Bc7+ {[%emt 0:00:00]} Kf5 {[%emt 0:00:11]} 59. Ba5 {[%emt 0:00:00]} Kf4 {[%emt 0:02:07]} 1/2-1/2

[Event "95th Caplin Hastings Congress"]
[Site "Hastings"]
[Date "2020.01.02"]
[Round "6.30"]
[White "Spanton, Tim R"]
[Black "Keetman, Maaike"]
[Result "0-1"]
[WhiteElo "1951"]
[BlackElo "2203"]
[Annotator "NA"]
[PlyCount "62"]
[EventDate "2019.12.28"]
[EventType "swiss"]
[EventCountry "ENG"]
[SourceTitle "playchess.com"]
[Source "ChessBase"]
[SourceQuality "1"]
[TimeControl "40/6600+30:3000+30"]

1. e4 {[%emt 0:09:33]} c5 {[%emt 0:10:11]} 2. Nc3 {[%emt 0:00:07]} Nc6 {[%emt 0:00:38]} 3. Nge2 {[%emt 0:00:14]} e5 {[%emt 0:07:53]} 4. Nd5 {[%emt 0:00:58]} Nf6 {[%emt 0:05:24]} 5. Nec3 {[%emt 0:00:17]} Nxd5 {[%emt 0:02:01]} 6. Nxd5 {[%emt 0:00:18]} g6 {[%emt 0:00:22]} 7. Qf3 {[%emt 0:02:46]} Bg7 {[%emt 0:00:25]} 8. Bc4 {[%emt 0:01:04]} O-O {[%emt 0:01:54]} 9. c3 {[%emt 0:01:49]} a6 {[%emt 0:07:14]} 10. a4 {[%emt 0:01:48]} Rb8 {[%emt 0:03:34]} 11. Qe2 {[%emt 0:03:44]} d6 {[%emt 0:04:36]} 12. d3 {[%emt 0:00:32]} Be6 {[%emt 0:05:15]} 13. Be3 {[%emt 0:03:11]} b5 {[%emt 0:06:59]} 14. axb5 {[%emt 0:00:12]} axb5 {[%emt 0:00:05]} 15. Bb3 {[%emt 0:02:43]} b4 {[%emt 0:10:13]} 16. c4 {[%emt 0:04:10]} Ra8 {[%emt 0:19:11]} 17. O-O {[%emt 0:00:46]} Na5 $11 {[%emt 0:01:11]} 18. Ba4 {[%emt 0:03:42]} f5 {[%emt 0:00:20]} 19. f4 {[%emt 0:01:05]} Ra7 {[%emt 0:08:50]} 20. fxe5 {[%emt 0:06:15]} Bxe5 {[%emt 0:00:27]} 21. exf5 {[%emt 0:05:07]} Bxd5 {[%emt 0:07:08]} 22. cxd5 {[%emt 0:00:09]} gxf5 {[%emt 0:00:18]} 23. Bf4 {[%emt 0:08:31]} Bxf4 {[%emt 0:03:30]} 24. Rxf4 {[%emt 0:00:42]} Nb3 {[%emt 0:00:07]} 25. Qe6+ {[%emt 0:09:06]} Kh8 {[%emt 0:00:07]} 26. Raf1 {[%emt 0:02:57]} Rxa4 {[%emt 0:03:47]} 27. Rxf5 {[%emt 0:01:03]} Rxf5 {[%emt 0:00:22]} 28. Qxf5 {[%emt 0:00:08]} Ra1 {[%emt 0:04:22]} 29. Rxa1 {[%emt 0:01:31]} Nxa1 {[%emt 0:00:05]} 30. g4 {[%emt 0:00:27]} Nc2 {[%emt 0:00:57]} 31. h4 {[%emt 0:00:43]} Qe7 {[%emt 0:01:07]} 0-1

[Event "95th Caplin Hastings Congress"]
[Site "Hastings"]
[Date "2020.01.02"]
[Round "6.31"]
[White "Howell, Oliver W"]
[Black "Brozel, Sacha"]
[Result "0-1"]
[WhiteElo "1928"]
[BlackElo "2188"]
[Annotator "NA"]
[PlyCount "80"]
[EventDate "2019.12.28"]
[EventType "swiss"]
[EventCountry "ENG"]
[SourceTitle "playchess.com"]
[Source "ChessBase"]
[SourceQuality "1"]
[TimeControl "40/6600+30:3000+30"]

1. Nf3 {[%emt 0:14:09]} c5 {[%emt 0:09:59]} 2. c4 {[%emt 0:00:21]} Nc6 {[%emt 0:00:09]} 3. Nc3 {[%emt 0:00:11]} g6 {[%emt 0:00:25]} 4. g3 {[%emt 0:00:07]} Bg7 {[%emt 0:00:09]} 5. Bg2 {[%emt 0:00:10]} d6 {[%emt 0:01:12]} 6. O-O {[%emt 0:00:32]} e5 {[%emt 0:01:22]} 7. d3 {[%emt 0:00:22]} Nge7 {[%emt 0:00:33]} 8. a3 {[%emt 0:00:41]} O-O {[%emt 0:05:24]} 9. Rb1 {[%emt 0:01:18]} a5 $11 {[%emt 0:00:42]} 10. Bd2 {[%emt 0:00:34]} h6 {[%emt 0:15:45]} 11. Ne1 {[%emt 0:01:15]} Be6 {[%emt 0:02:06]} 12. Nd5 {[%emt 0:02:02]} Rb8 {[%emt 0:07:17]} 13. b4 {[%emt 0:09:17]} axb4 {[%emt 0:03:45]} 14. axb4 {[%emt 0:00:18]} b5 {[%emt 0:02:23]} 15. Nc2 {[%emt 0:12:16]} bxc4 {[%emt 0:12:41]} 16. dxc4 {[%emt 0:00:27]} cxb4 {[%emt 0:00:14]} 17. Ncxb4 {[%emt 0:00:59]} Bf5 {[%emt 0:05:37]} 18. Ra1 {[%emt 0:08:52]} Nxb4 {[%emt 0:11:10]} 19. Nxb4 {[%emt 0:01:59]} e4 {[%emt 0:07:07]} 20. Ra7 {[%emt 0:09:12]} Re8 {[%emt 0:05:16]} 21. Rxe7 {[%emt 0:06:13]} Qxe7 {[%emt 0:02:22]} 22. Nc6 {[%emt 0:00:23]} Qe6 {[%emt 0:01:56]} 23. Nxb8 {[%emt 0:00:27]} Rxb8 {[%emt 0:01:05]} 24. Bf4 {[%emt 0:02:25]} Qxc4 {[%emt 0:03:08]} 25. Qxd6 {[%emt 0:03:13]} Rb2 {[%emt 0:00:29]} 26. e3 {[%emt 0:04:08]} Qb5 {[%emt 0:01:24]} 27. Qd8+ {[%emt 0:13:23]} Kh7 {[%emt 0:00:08]} 28. Qe7 {[%emt 0:03:08]} Qd5 {[%emt 0:00:58]} 29. h4 {[%emt 0:01:36]} Be6 {[%emt 0:01:16]} 30. Qa3 {[%emt 0:09:03]} Qc4 {[%emt 0:02:42]} 31. Qa8 {[%emt 0:02:51]} Bd5 {[%emt 0:00:23]} 32. Qe8 {[%emt 0:01:06]} Bc6 {[%emt 0:03:27]} 33. Qe7 {[%emt 0:00:34]} Qa2 {[%emt 0:03:18]} 34. Be5 {[%emt 0:02:57]} Bxe5 {[%emt 0:00:49]} 35. Qxe5 {[%emt 0:01:03]} Bb5 {[%emt 0:01:29]} 36. Rc1 {[%emt 0:02:25]} Rxf2 {[%emt 0:00:50]} 37. Qxe4 {[%emt 0:00:54]} Qd2 {[%emt 0:01:32]} 38. Ra1 {[%emt 0:02:15]} Bd3 {[%emt 0:00:15]} 39. Qd5 {[%emt 0:00:40]} Qxe3 {[%emt 0:00:27]} 40. Kh2 {[%emt 0:02:19]} Be4 {[%emt 0:00:45]} 0-1

[Event "95th Caplin Hastings Congress"]
[Site "Hastings"]
[Date "2020.01.02"]
[Round "6.32"]
[White "Jennings, Richard"]
[Black "Fishbein, Mitch"]
[Result "1/2-1/2"]
[WhiteElo "1903"]
[BlackElo "2151"]
[Annotator "ChessBase"]
[PlyCount "115"]
[EventDate "2019.12.28"]
[EventType "swiss"]
[EventCountry "ENG"]
[SourceTitle "playchess.com"]
[Source "ChessBase"]
[SourceQuality "1"]
[TimeControl "40/6600+30:3000+30"]

1. d4 {[%emt 0:11:15]} Nf6 {[%emt 0:10:02]} 2. Nf3 {[%emt 0:00:41]} g6 {[%emt 0:00:25]} 3. g3 {[%emt 0:00:22]} Bg7 {[%emt 0:00:11]} 4. Bg2 {[%emt 0:00:07]} O-O {[%emt 0:00:14]} 5. O-O {[%emt 0:00:17]} d6 {[%emt 0:00:18]} 6. a4 {[%emt 0:02:23]} a5 {[%emt 0:00:25]} 7. Re1 {[%emt 0:02:55]} Nc6 {[%emt 0:05:43]} 8. e4 {[%emt 0:01:05]} e5 {[%emt 0:01:07]} 9. c3 {[%emt 0:04:14]} Re8 {[%emt 0:06:44]} 10. d5 {[%emt 0:06:59]} Nb8 {[%emt 0:01:58]} 11. Bg5 {[%emt 0:02:48]} h6 {[%emt 0:01:46]} 12. Bxf6 {[%emt 0:02:38]} Qxf6 {[%emt 0:02:26]} 13. Nbd2 {[%emt 0:00:12]} Nd7 {[%emt 0:03:17]} 14. Nf1 {[%emt 0:00:39]} Qd8 {[%emt 0:03:06]} 15. h3 {[%emt 0:04:36]} Rf8 {[%emt 0:07:40]} 16. Ne3 {[%emt 0:01:56]} Nc5 {[%emt 0:04:42]} 17. Nd2 {[%emt 0:05:27]} h5 {[%emt 0:02:47]} 18. Qc2 {[%emt 0:03:34]} h4 {[%emt 0:04:07]} 19. b4 {[%emt 0:01:43]} Na6 {[%emt 0:01:56]} 20. Rab1 {[%emt 0:03:47]} Bh6 {[%emt 0:03:59]} 21. g4 {[%emt 0:09:13]} Bd7 {[%emt 0:03:16]} 22. Bf1 {[%emt 0:00:50]} Qe8 {[%emt 0:03:18]} 23. Bxa6 {[%emt 0:13:45]} Bxa4 {[%emt 0:07:13]} 24. Qd3 {[%emt 0:02:09]} bxa6 {[%emt 0:00:58]} 25. bxa5 {[%emt 0:01:10]} Qc8 {[%emt 0:07:10]} 26. Nf3 {[%emt 0:01:11]} Bd7 {[%emt 0:04:34]} 27. Nxh4 {[%emt 0:01:48]} Kg7 {[%emt 0:02:07]} 28. Neg2 {[%emt 0:12:38]} Bg5 {[%emt 0:02:36]} 29. f4 {[%emt 0:03:43]} exf4 {[%emt 0:02:40]} 30. Nf3 {[%emt 0:00:50]} Bf6 {[%emt 0:02:36]} 31. Nxf4 {[%emt 0:00:41]} Re8 {[%emt 0:05:02]} 32. Nd4 {[%emt 0:02:51]} Be5 {[%emt 0:00:57]} 33. Qf3 {[%emt 0:00:31]} Qd8 {[%emt 0:01:49]} 34. Rf1 {[%emt 0:01:30]} Qf6 {[%emt 0:02:22]} 35. Kg2 {[%emt 0:03:38]} Rab8 {[%emt 0:01:35]} 36. Nfe2 {[%emt 0:02:33]} Qxf3+ {[%emt 0:03:17]} 37. Nxf3 {[%emt 0:00:55]} Bb5 {[%emt 0:03:17]} 38. Nxe5 {[%emt 0:02:57]} dxe5 {[%emt 0:01:44]} 39. Rb2 {[%emt 0:03:38]} Bd3 {[%emt 0:00:46]} 40. Rd2 {[%emt 0:03:13]} Bxe4+ {[%emt 0:01:18]} 41. Kg1 {[%emt 0:06:26]} Red8 {[%emt 0:02:33]} 42. Ng3 {[%emt 0:04:23]} Bb1 {[%emt 0:02:36]} 43. c4 {[%emt 0:05:08]} e4 {[%emt 0:03:48]} 44. Re1 {[%emt 0:01:32]} Rb3 {[%emt 0:12:08]} 45. Kf2 {[%emt 0:04:25]} Bd3 {[%emt 0:19:13]} 46. Nxe4 {[%emt 0:08:33]} Bxc4 {[%emt 0:00:22]} 47. d6 {[%emt 0:00:55]} cxd6 {[%emt 0:03:21]} 48. Nxd6 {[%emt 0:00:32]} Rd3 {[%emt 0:02:26]} 49. Rxd3 {[%emt 0:06:01]} Bxd3 {[%emt 0:00:11]} 50. Ne8+ {[%emt 0:00:40]} Kf8 {[%emt 0:01:10]} 51. Nf6 {[%emt 0:01:01]} g5 {[%emt 0:01:24]} 52. Rd1 {[%emt 0:02:26]} Ke7 {[%emt 0:02:20]} 53. Ng8+ {[%emt 0:03:59]} Rxg8 {[%emt 0:01:02]} 54. Rxd3 {[%emt 0:00:07]} Rc8 {[%emt 0:00:35]} 55. Re3+ {[%emt 0:02:27]} Kd6 {[%emt 0:00:53]} 56. Rf3 {[%emt 0:00:17]} Ke6 {[%emt 0:00:16]} 57. Re3+ {[%emt 0:00:27]} Kd6 {[%emt 0:00:49]} 58. Rf3 {[%emt 0:00:42]} 1/2-1/2